000 00544nam a2200181Ia 4500
005 20250423094722.0
008 250422s9999 xx 000 0 und d
020 _a9781550378351
050 _aPZ7 .S9109/
100 _aStratton, Allan.
245 0 _aChanda's secrets
260 _aNew York
260 _bAnnick Press
260 _c2004
300 _a193 p
650 _a AIDS (Disease)--Africa--Juvenile fiction. Teenagers and death--Juvenile fiction. Secrecy--Juvenile fiction. Shame--Juvenile fiction.
942 _cBK
999 _c28087
_d28087